Global financial regulation : the essential guide

Bibliographic Details
Main Author: Davies,Howard
Other Authors: Green, David
Format: Book
Language:English
Published: United Kingdom : Polity Press , 2008
Subjects:

MARC

LEADER 00000cam a2200000 7i4500
001 0000019549
005 20090204.0
008 090202 -uka i eng
020 |a 9780745643496 
040 |a INS 
090 0 0 |a HG3881   |b D38 2008 
100 1 |a Davies,Howard 
245 1 0 |a Global financial regulation :   |b the essential guide   |c Howard Davies and David Green 
260 |a United Kingdom :   |b Polity Press ,   |c 2008 
300 |a xiii, 289p. :   |b ill. ;   |c 22cm. 
500 |a Includes index 
650 0 |a International finance 
650 0 |a International finance   |x Law and legislations 
700 1 |a Green, David 
999 |a 0000020469   |b BOOK   |c Open Shelf   |e Default branch